000 00960nam a2200301Ia 4500
003 OSt
005 20220912144542.0
006 a|||||r|||| 00| 0
007 ta
008 220909b |||||||| |||| 00| 0 eng d
020 _a9788120314757 (pbk)
020 _aSL01535460
024 _a160514
037 _b1445, 21/10/2011, Ashutosh Technical Books
037 _cTextual
040 _aCSL
_beng
_cCSL
041 _aeng
082 _aX51, N2
100 _aLilien Gary L; Kotler Philip; Moorthy K Sridhar
245 0 _aMarketing models :
260 _aNew Delhi
_b Prentice hall of india
_c1992
300 _axv; 803p.
500 _aAppendix 599-716p.; Bibliography 717-778p.; Index 779-803p.
700 _aLilien Gary L; Kotler Philip; Moorthy K Sridhar
942 _hX51, N2
_cTEXL
_2CC
999 _c11798
_d11798